000
00218 a2200097 4500
001
30183
100
_a
Montgomery R G
245
_a
The Golden stallion's
260
_a
London
_b
White Lion Pub
_c
090
_c
20126
_d
20126
942
_a
NUST-CAE
_c
M
_c
11255
999
_c
265256
_d
265256